000 00865nam a2200253 a 4500
001 000017546
003 DO-SdBNP
005 20240507115211.0
008 100326s1948 dr r 000 0 spa d
040 _aDO-SdBNP
_bspa
_cBNPHU
082 4 _a917.293
_bD159s
_222
100 1 _aDamirón, Rafael,
_d1882-1956
_927287
245 1 0 _aDe soslayo /
_cRafael Damirón.
260 _aCiudad Trujillo, República Dominicana :
_bLuis Sánchez Andújar,
_c1948.
300 _a242 p. ;
_c25 cm.
490 1 _aBiblioteca dominicana
_vSérie 2, v.3
500 _aIncluye índice onomástico
590 _aInventariado,2018/MFF
651 4 _aRepública Dominicana
_xVida Social Y Costumbres
_9405
651 4 _aRepública Dominicana
_xHistoria
_9170
830 0 _aBiblioteca dominicana
_vSérie 2, v.3
_923810
910 _aValidado. Control de calidad MFF
942 _2ddc
_cLBS1
999 _c17071
_d17071